| 000 | 00902nas a2200301 4500 | ||
|---|---|---|---|
| 001 | BR0100227 | ||
| 003 | BR-BrBNA | ||
| 005 | 20231205102015.0 | ||
| 007 | ta | ||
| 008 | 230509b bl.|||p| |||| 00| 00por d | ||
| 040 |
_aBR-BrBNA _bpor _cBiblioteca Nacional de Agricultura |
||
| 041 | _a(En) | ||
| 072 | _aL70 | ||
| 100 | 1 | _aMartins, E. | |
| 100 | 1 | _aMartins, V.M.V. | |
| 100 | 1 | _aMarques Junior, A.P. | |
| 100 | 1 | _aVasconcelos, A.C. | |
| 100 | 1 | _aChiarini-Garcia, H. | |
| 100 | 1 | _aMalard, P.F. | |
| 245 | 1 | _aBovine placentome preservation for light microscopy evaluation | |
| 650 | _aBovino | ||
| 650 | _aPlacenta | ||
| 650 | _aMicroscopia Otica | ||
| 650 | _aVeterinaria | ||
| 773 | 0 |
_tArquivo Brasileiro de Medicina Veterinaria e Zootecnia (Brazil) _xISSN 0102-0935 _g(Apr 2000), v. 52(2) p. 117-124 _wBR0100227 |
|
| 909 |
_a202311 _bLúcia _c55 _dLúcia Elande |
||
| 942 |
_2AGRIS _n0 _cANA |
||
| 999 |
_c165218 _d165218 |
||